000 01165nam a22003377a 4500
003 CHAP
005 20220329143155.0
008 061018d2003 mx r 00110 spa d
010 _a92894
011 _a93866
035 _a104447
040 _cCHAP
082 0 4 _a923.283
_bM3
100 1 _aMartínez Á., José Antonio
_e, coord.
_972352
245 1 0 _aJosé Martí y Manuel Antonio Mercado:
_bdos presencias de nuestra América
_c/coord. por José Antonio Martínez Á.
260 _aLa Piedad, Mich. :
_bAyuntamiento Constitucional,
_c2003
300 _a342 p.
500 _aLibro de homenaje
590 _aBATCH-UPD
_b10
_c20130110
_lUCH01
_h0355
590 _aBATCH-UPD
_b10
_c20130410
_lUCH01
_h0028
590 _aBATCH-UPD
_b10
_c20130914
_lUCH01
_h1127
590 _aCONVERSION
_b10
_c20130109
_lUCH01
_h1351
650 1 4 _aCultura.
_930401
650 1 4 _aIntelectuales.
_959504
650 1 4 _aPolíticos
_xBiografías.
_990721
901 _aBK
905 _aMarco A. Mendoza T.
942 _cLIBRO
949 _a923.283 M3
_bBC
_cLIBRO
_d33724000996757
_eLIBRO
_h108338
_i104447
_sb
949 _a923.283 M3
_bBC
_cLIBRO
_d33724000996765
_eLIBRO
_fc.2
_h108339
_i104447
_sb
999 _c92894
_d92894